000 00949nam a2200205Ii 4500
003 JO-AjNU
008 230605s9999||||xx |||||||||||||| ||und||
040 _aJO-AjNU
_bara
_erda
_cJO-AjNU
041 _aara
050 1 4 _aHN786.Z9 .C6346 2014
100 3 _aاعداد علي، وائل عمران,
_eauthor
_952051
245 0 0 _aدور الشراكة والتمكين المجتمعي في تفعيل التنمية المحلية المستدامة في مصر: اطار مقترح
264 3 1 _aالقاهرة: المنظمة العربية للتنمية الادارية، 2014
300 _a100ص
_bيحتوي على ببلوغرافية من 89-100ص
336 _atext
_btxt
_2rdacontent
337 _aunmediated
_bn
_2rdamedia
338 _avolume
_bnc
_2rdacarrier
490 0 _aاصدار خاص عن المجلة العربية للادارة
650 4 _aتنمية المجتمع - التنمية المستدامة - مصر
_952052
999 _aA23034
_c26602
_d26602